MARC details
| 000 -LEADER |
| fixed length control field |
03304nam a2200361 a 4500 |
| 001 - CONTROL NUMBER |
| control field |
eep9781849806602 |
| 003 - CONTROL NUMBER IDENTIFIER |
| control field |
DLC |
| 005 - DATE AND TIME OF LATEST TRANSACTION |
| control field |
20210215104145.0 |
| 006 - FIXED-LENGTH DATA ELEMENTS--ADDITIONAL MATERIAL CHARACTERISTICS |
| fixed length control field |
m o d |
| 007 - PHYSICAL DESCRIPTION FIXED FIELD--GENERAL INFORMATION |
| fixed length control field |
cr un||||||||| |
| 008 - FIXED-LENGTH DATA ELEMENTS--GENERAL INFORMATION |
| fixed length control field |
091110s2010 enk ob 001 0 eng d |
| 010 ## - LIBRARY OF CONGRESS CONTROL NUMBER |
| LC control number |
2009941281 |
| 020 ## - INTERNATIONAL STANDARD BOOK NUMBER |
| International Standard Book Number |
9781849806602 (e-book) |
| 040 ## - CATALOGING SOURCE |
| Original cataloging agency |
UKM |
| Transcribing agency |
UKM |
| Modifying agency |
YDXCP |
| -- |
CDX |
| -- |
BWX |
| -- |
DLC |
| 050 #4 - LIBRARY OF CONGRESS CALL NUMBER |
| Classification number |
K1401 |
| Item number |
.R463 2010 |
| 082 00 - DEWEY DECIMAL CLASSIFICATION NUMBER |
| Classification number |
346.04/8 |
| Edition number |
22 |
| 245 00 - TITLE STATEMENT |
| Title |
Research handbook on the interpretation and enforcement of intellectual property under WTO rules |
| Medium |
[electronic resource] / |
| Statement of responsibility, etc. |
edited by Carlos M. Correa. |
| 260 ## - PUBLICATION, DISTRIBUTION, ETC. |
| Place of publication, distribution, etc. |
Cheltenham, U.K. ; |
| -- |
Northampton, Mass. : |
| Name of publisher, distributor, etc. |
Edward Elgar, |
| Date of publication, distribution, etc. |
c2010. |
| 300 ## - PHYSICAL DESCRIPTION |
| Extent |
1 online resource (ix, 309 p.) |
| 490 1# - SERIES STATEMENT |
| Series statement |
Intellectual property in the WTO ; |
| Volume/sequential designation |
v. 2 |
| 490 1# - SERIES STATEMENT |
| Series statement |
Research handbooks on the WTO |
| 504 ## - BIBLIOGRAPHY, ETC. NOTE |
| Bibliography, etc. note |
Includes bibliographical references and index. |
| 505 0# - FORMATTED CONTENTS NOTE |
| Formatted contents note |
1. The applicability of GATT jurisprudence to the interpretation of the TRIPS Agreement / Susy Frankel -- 2. TRIPS-plus-plus initiatives on broad border measures : features and implications / Xuan Li -- 3. Lessons from the United States in regard to the recent, more flexible application of injunctive relief / Joshua D. Sarnoff -- 4. Accession to the WTO, intellectual property rights and domestic institutions / Ermias Tekeste Biadgleng -- 5. The WTO dispute on trademarks and geographical indications : some implications for trade policy-making and negotiations / David Vivas-Eugui and María Julia Oliva -- 6. United States-- Section 110(5) of the US Copyright Act : summary and analysis / Dalindyebo Shabalala -- 7. WTO panel on United States-- Section 110(5) of the US Copyright Act / Maximiliano Santa Cruz -- 8. Dispute settlement under the TRIPS Agreement : the United States-Brazil (2000) and United States-Argentina (2002) patent disputes / Viviana Muñoz Tellez -- 9. Canada-- patent protection of pharmaceutical products / Pedro Roffe and Christoph Spennemann -- 10. Mandatory regulation versus discretionary regulation, unilateralism, and national treatment : an analysis of the United States-- Section 211 Omnibus Appropriations Act of 1998 dispute / Christophe Charlier. |
| 520 ## - SUMMARY, ETC. |
| Summary, etc. |
This concise and detailed Handbook addresses some of the most complex issues raised by the implementation of the TRIPS Agreement globally. Among other themes, the Handbook explores the applicability of GATT jurisprudence for the interpretation of the Agreement's provisions. It also considers key issues relating to the enforcement of intellectual property rights, such as border measures and injunctive relief. Teamed with the first volume-- Research Handbook on the Protection of Intellectual Property under WTO Rules-- this analysis is supplemented by a thorough review of the most important cases on TRIPS decided under the WTO dispute settlement mechanism. |
| 650 #0 - SUBJECT ADDED ENTRY--TOPICAL TERM |
| Topical term or geographic name entry element |
Intellectual property (International law) |
| 655 #7 - INDEX TERM--GENRE/FORM |
| Genre/form data or focus term |
Electronic books. |
| Source of term |
lcsh |
| 700 1# - ADDED ENTRY--PERSONAL NAME |
| Personal name |
Correa, Carlos María. |
| 710 2# - ADDED ENTRY--CORPORATE NAME |
| Corporate name or jurisdiction name as entry element |
Edward Elgar Publishing. |
| 776 1# - ADDITIONAL PHYSICAL FORM ENTRY |
| International Standard Book Number |
184980107X (hbk. : alk. paper) |
| -- |
9781849801072 (hardback) |
| -- |
9781849809535 (pbk.) |
| 830 #0 - SERIES ADDED ENTRY--UNIFORM TITLE |
| Uniform title |
Intellectual property in the WTO ; |
| Volume/sequential designation |
v. 2. |
| 830 #0 - SERIES ADDED ENTRY--UNIFORM TITLE |
| Uniform title |
Research handbooks on the WTO. |
| 856 40 - ELECTRONIC LOCATION AND ACCESS |
| Uniform Resource Identifier |
<a href="https://www.elgaronline.com/view/9781849801072.xml">https://www.elgaronline.com/view/9781849801072.xml</a> |